000 00496nam a2200181 a 4500
001 1771665851176
003 YourLibrary
005 20260221145718.0
008 260221s2008##################000#0#eng##
020 _a9780521070171
082 0 4 _a338.47663
_bGOU
100 1 _aGourvish, T. R.,
_eauthor.
245 1 0 _aThe British Brewing Industry, 1830-1980 :
260 _bCambridge University Press,
_c2008.
650 0 _aHistory.
942 _cENGLISH
040 _aYourLibrary
_beng
_cYourLibrary
999 _c615180
_d615180